Traité de pathologie médicale et de thérapeutique appliquée / publié sous la direction de Emile Sergent, L. Ribadeau-Dumas, et L. Babonneix. (Record no. 188375)

MARC details
000 -LEADER
campo de control de longitud fija 00921nam a2200205 i 4500
001 - NÚMERO DE CONTROL
campo de control 188375
003 - IDENTIFICADOR DE NÚMERO DE CONTROL
campo de control ES-MaACL
005 - FECHA Y HORA DE LA ÚLTIMA TRANSACCIÓN
campo de control 20251002204755.0
008 - DATOS DE LONGITUD FIJA--INFORMACIÓN GENERAL
campo de control de longitud fija 180905s1922 fr |||| | fre d
245 00 - MENCIÓN DEL TÍTULO
Título Traité de pathologie médicale et de thérapeutique appliquée / publié sous la direction de Emile Sergent, L. Ribadeau-Dumas, et L. Babonneix.
Número de parte o sección de la obra XXII,
Nombre de parte o sección de la obra Intoxications. Maladies par carence, par agents physiques. Affections médicales et physiques. Traumatismes /
Mención de responsabilidad, etc. par Achard... [et al.].
260 ## - PUBLICACIÓN, DISTRIBUCIÓN, ETC.
Lugar de publicación, distribución, etc. Paris :
Nombre del editor, distribuidor, etc. A. Maloine et fils,
Fecha de publicación, distribución, etc. 1922.
300 ## - DESCRIPCIÓN FÍSICA
Extensión VIII, 553 p. :
Otras características físicas il. ;
Dimensiones 21 cm.
650 #4 - PUNTO DE ACCESO ADICIONAL DE MATERIA--TÉRMINO DE MATERIA
Término de materia o nombre geográfico como elemento de entrada Intoxicaciones.
9 (RLIN) 147160
700 1# - ENTRADA AGREGADA--NOMBRE PERSONAL
Nombre de persona Sergent, Émile,
Fechas asociadas al nombre 1867-1943
9 (RLIN) 151848
700 1# - ENTRADA AGREGADA--NOMBRE PERSONAL
Nombre de persona Ribadeau-Dumas, Louis (
Fechas asociadas al nombre 1876-1951)
9 (RLIN) 151844
700 1# - ENTRADA AGREGADA--NOMBRE PERSONAL
Nombre de persona Babonneix, Léon,
Fechas asociadas al nombre 1876-1942
9 (RLIN) 151847
700 1# - ENTRADA AGREGADA--NOMBRE PERSONAL
Nombre de persona Achard, Charles,
Fechas asociadas al nombre 1860-1944
9 (RLIN) 155057
852 ## - LOCALIZACIÓN
Ubicación ES-MaACL
Número de control de estantería C-16752
Holdings
Estatus retirado Estado de pérdida Estado de daño No para préstamo Biblioteca de origen Biblioteca actual Ubicación en estantería Fecha de adquisición Fuente de adquisición Total de préstamos Signatura topográfica completa Código de barras Visto por última vez Precio de reemplazo Tipo de ítem Koha
        Biblioteca del Ateneo de Madrid Biblioteca del Ateneo de Madrid Galería 05/09/2018     C-16752 1199273 23/02/2023 23/02/2023 Libro impreso